000 00585nam a2200169 a 4500
001 000042651
005 20201002040312.0
008 140203s1966 sp a 000 0 spa d
040 _aDO-SdBNP
_bspa
_cBNPHU
100 1 _aRodríguez Méndez, José María
_969930
245 1 3 _aLa Batalla del Verdun. /
_cJosé María Rodríguez Méndez.
260 _aBarcelona, :
_bOccitania,
_c1966.
300 _a54 p. :
_bil. ;
_c21 cm.
490 1 _aEl sombrero de Danton
_v14
500 _aIncluye datos biografícos del autor en la solapa de la portada
830 0 _aEl sombrero de Danton
_v14
_969931
999 _c42140
_d42140